|
|
|
|
| LEADER |
00958nam a2200265 4500 |
| 001 |
28857 |
| 003 |
BD-DhAAL |
| 005 |
20150128115819.0 |
| 008 |
150128r20111989ii a b 001 0 eng |
| 010 |
|
|
|a 73904390
|
| 020 |
|
|
|a 9788120804234
|
| 040 |
|
|
|a DLC
|c DLC
|d DLC
|d BD-DhAAL
|
| 043 |
|
|
|a a-ii---
|
| 050 |
0 |
0 |
|a LA36
|b .M6 1969
|
| 082 |
0 |
0 |
|a 370/.934
|
| 100 |
1 |
|
|a Mookerji, Radha Kumud,
|d 1884-
|9 7548
|
| 245 |
1 |
0 |
|a Ancient Indian education :
|b brahmanical and buddhist /
|c Radha Kumud Mookerji.
|
| 260 |
|
|
|a Delhi :
|b Motilal Banarsidass,
|c c1989 [reprinted 2011, 2003]
|
| 300 |
|
|
|a xxxvi, 655 p.
|b illus.
|c 24 cm.
|
| 504 |
|
|
|a Bibliographical footnotes.
|
| 541 |
|
|
|e 28857
|
| 650 |
|
0 |
|a Education
|z India
|x History.
|9 7549
|
| 942 |
|
|
|2 ddc
|c BK
|
| 999 |
|
|
|c 33521
|d 33521
|
| 952 |
|
|
|0 0
|1 0
|2 ddc
|4 0
|6 370_934000000000000_MOO
|7 0
|9 52364
|a BRACUL
|b BRACUL
|c GEN
|d 2015-01-28
|e Riza Enterprise
|g 2000.00
|l 2
|m 4
|o 370.934 MOO
|p 3010028857
|r 2016-11-23
|s 2016-09-06
|t 1
|w 2015-01-28
|y BK
|